| 000 | 01184nam a2200361 c 4500 | ||
|---|---|---|---|
| 003 | BLK | ||
| 005 | 20180420221352.0 | ||
| 008 | 180408b bul|||||r ||||||| ||bul|| | ||
| 010 | _aKNG00045946000 | ||
| 020 |
_a0-8039-5990-7 _bиздат.: SAGE |
||
| 040 | _aBLK | ||
| 041 |
_aDEU _cENG |
||
| 080 |
_aОтделни езици _b811 _x-7:008(072) _z811-7:008(072) |
||
| 100 | 1 |
_aCushner, Kenneth _eпърви автор _97836 |
|
| 139 |
_aCushner, Kenneth _bC 96 |
||
| 245 | 1 | 0 |
_aIntercultural Interactions _bA Practical Guide _cKenneth Cushner. |
| 250 | _a2. Ed | ||
| 257 | _aDEU | ||
| 260 |
_аThousand Lake _bSAGE _c1995 |
||
| 300 |
_a365 c _c21 cm |
||
| 380 | _a80 | ||
| 490 | 1 |
_aCrossCutural Research and Methodology _vVol. 9 |
|
| 650 | 4 |
_aЧужди езици - странознание - методика на преподаването _9278125 |
|
| 653 | _aчужди езици | ||
| 653 | _aметодика на преподаването | ||
| 653 | _aстранознание | ||
| 653 | _aкултура | ||
| 852 | _aЦб 207380 | ||
| 856 | 4 |
_qpdf _u |
|
| 856 | 4 |
_qpdf _u |
|
| 942 |
_cKNG _n0 |
||
| 944 |
_aCR _c01.01.1999 _kТеодора_Стоянова |
||
| 944 |
_aED _c06.10.2010 _k |
||
| 999 |
_c42283 _d42283 |
||